00944naa a22002657a 4500001001000000003000900010005001700019007000300036008003400039040005400073041000900127072002600136100001800162100001600180111009200196245004400288260004000332500011300372650001000485650001900495650001700514650001500531650002200546773011000568BR7400764BR-BrBNA20240918173553.0ta230509b bl.||||| |||| 00| 0 por d aBR-BrBNAbporcBiblioteca Nacional de Agricultura a(Pt) aF25b0150b3820bG5141 aScherer, C.H.1 aBacha, R.E.1 a2. Reuniao Geral da Cultura do Arroz IRGA-IPEAScCachoeirinha, RS (Brazil)d17 Jul 19721 aNitrogenio na cultura do arroz irrigado3 aPorto Alegre, RS (Brasil): c1972.  a2. Reuniao Geral da Cultura do Arroz IRGA-IPEAS Porto Alegre, RS (Brasil): 1972. p. 64-70 (BR7400764-AM)F25  aARROZ aARROZ IRRIGADO aFERTILIZANTE aNITROGENIO aRIO GRANDE DO SUL0 t2. Reuniao Geral da Cultura do Arroz IRGA-IPEASwF25 BR7400764gPorto Alegre, RS (Brasil), 1972. p. 64-70